Multiple Choice City Quiz – Singapore - Statistics

General Stats
  • This quiz has been taken 15,194 times
  • The average score is 7 of 10
Answer Stats
Question Answer % Correct
English is the most-spoken language in Singapore. What language is second? Chinese
93%
Which of these things is illegal to sell in Singapore? Chewing gum
90%
What country is connected to Singapore via bridges? Malaysia
89%
Which of these buildings can be seen in Singapore?
83%
Which of these movies took place in Singapore? Crazy Rich Asians
81%
Who was Prime Minister of Singapore from 1959–1990 and is often credited with bringing the country from Third World to First? Lee Kuan Yew
71%
Who did Donald Trump meet with in in Singapore in 2018 in a historic summit? Kim Jong-un
70%
Which of these statements about Singapore is NOT true? Singapore has no military
63%
What mythical animal is a symbol of Singapore? Merlion
48%
Who established the British settlement of Singapore in 1819? Stamford Raffles
47%
No matching quizzes found
Score Distribution
Percent of People with Each Score
Percentile by Number Answered
Your Score History
You have not taken this quiz